Ilmu ukur

Bibliographic Details
Format: Book
Language:English
Subjects:

MARC

LEADER 00000cam a2200000 7i4500
001 0000026474
005 20150929.0
008 150915 eng
040 |a INS 
090 0 0 |a J169 
245 0 0 |a Ilmu ukur 
300 |a 1 jil.(mukasurat pelbagai) :   |b ill. ;   |c 30 cm. 
650 0 |a Geometry   |x Study and teaching 
999 |a J000000434   |b BOOK   |c Course Notes   |e Default branch